India Re-emerging the Agriculture sector to sustaing rawta and Reduce Poverty. (Record no. 345)

MARC details
000 -LEADER
fixed length control field 00457nam a22001697a 4500
005 - DATE AND TIME OF LATEST TRANSACTION
control field 20210907150308.0
008 - FIXED-LENGTH DATA ELEMENTS--GENERAL INFORMATION
fixed length control field 160430b xxu||||| |||| 00| 0 eng d
020 ## - INTERNATIONAL STANDARD BOOK NUMBER
ISBN 195674324
041 ## - LANGUAGE CODE
Language code of text/sound track or separate title eng
082 ## - DEWEY DECIMAL CLASSIFICATION NUMBER
Item number 00984
100 ## - MAIN ENTRY--AUTHOR NAME
Personal name world Bank
245 ## - TITLE STATEMENT
Title India Re-emerging the Agriculture sector to sustaing rawta and Reduce Poverty.
260 ## - PUBLICATION, DISTRIBUTION, ETC. (IMPRINT)
Place of publication New Delhi
Name of publisher Oxford University Press,
Year of publication 2005
300 ## - PHYSICAL DESCRIPTION
Number of Pages 71
650 ## - SUBJECT ADDED ENTRY--TOPICAL TERM
Topical Term Management
942 ## - ADDED ENTRY ELEMENTS (KOHA)
Koha item type Books
Holdings
Lost status Damaged status Home library Date acquired Cost, normal purchase price Full call number Accession Number Koha item type
    JRU Library 30/04/2016 295.00 00984 00984 Books
    JRU Library 30/04/2016 295.00 00984 00985 Books